Entire World Map Quiz - Statistics

General Stats
  • This quiz has been taken 229 times
  • The average score is 58 of 196
Answers on the Map
Answers color-coded by a green-red scale on the quiz's map according to % correct below.
 
Answer Stats
Answer % Correct
South Africa
70%
Australia
60%
Brazil
60%
China
58%
Canada
56%
India
55%
Argentina
54%
Japan
54%
Madagascar
54%
Mexico
54%
United States
54%
Egypt
52%
Russia
52%
South Korea
52%
Chile
50%
Ireland
50%
Italy
50%
North Korea
50%
United Kingdom
50%
Spain
48%
France
47%
Iceland
47%
New Zealand
47%
Portugal
47%
Germany
46%
Afghanistan
45%
Algeria
45%
Cuba
45%
Colombia
44%
Turkey
44%
Saudi Arabia
43%
Iran
42%
Morocco
42%
Denmark
41%
Finland
41%
Indonesia
41%
Pakistan
41%
Peru
41%
Ukraine
41%
Greece
40%
Mongolia
40%
Norway
40%
Philippines
40%
Venezuela
40%
Panama
39%
Poland
39%
Sweden
39%
Thailand
39%
Iraq
38%
Belgium
37%
Ecuador
37%
Kazakhstan
37%
Libya
37%
Papua New Guinea
37%
United Arab Emirates
37%
Vietnam
37%
Yemen
37%
Haiti
36%
Somalia
36%
Taiwan
36%
Bolivia
35%
Oman
35%
Netherlands
34%
Uruguay
34%
Austria
33%
Chad
33%
Democratic Republic of Congo
33%
Nepal
33%
Nigeria
33%
Palestine
33%
Switzerland
33%
Angola
32%
Belarus
32%
Ethiopia
32%
Jordan
32%
Mozambique
32%
Paraguay
32%
Sri Lanka
32%
Belize
31%
Costa Rica
31%
Jamaica
31%
Malasyia
31%
South Sudan
31%
Sudan
31%
Syria
31%
Armenia
30%
Bangladesh
30%
Dominican Republic
30%
Guatemala
30%
Qatar
30%
Bahamas
29%
Cyprus
29%
Kenya
29%
Laos
29%
Lesotho
29%
Zimbabwe
29%
Cambodia
28%
El Salvador
28%
Niger
28%
Tunisia
28%
Zambia
28%
Lithuania
27%
Namibia
27%
Botswana
26%
Estonia
26%
Eswatini
26%
Latvia
26%
Luxembourg
26%
Maldives
26%
Seychelles
26%
Albania
25%
Croatia
25%
Czech Republic
25%
Eritrea
25%
Honduras
25%
Kyrgyzstan
25%
Mali
25%
Nicaragua
25%
Tanzania
25%
Equatorial Guinea
24%
Ghana
24%
Ivory Coast
24%
Kuwait
24%
Turkmenistan
24%
Uzbekistan
24%
Azerbaijan
23%
Bhutan
23%
Guyana
23%
Lebanon
23%
Malta
23%
Mauritania
23%
Republic of Congo
23%
Romania
23%
Senegal
23%
Central African Republic
22%
Djibouti
22%
Georgia
22%
Myanmar
22%
Uganda
22%
Bulgaria
21%
Burkina Faso
21%
Hungary
21%
North Macedonia
21%
Rwanda
21%
Suriname
21%
Tajikistan
21%
Togo
21%
Benin
20%
Gabon
20%
Mauritius
20%
Moldova
20%
Bosnia and Herzegovina
19%
Burundi
19%
Cameroon
19%
Cape Verde
19%
Guinea Bissau
19%
Liberia
19%
Malawi
19%
Sierra Leone
19%
Bahrain
18%
Fiji
18%
São Tomé and Príncipe
18%
Slovakia
18%
Brunei
17%
Comoros
17%
East Timor
17%
Guinea
17%
Montenegro
17%
Slovenia
17%
Gambia
16%
Marshall Islands
16%
Serbia
16%
San Marino
15%
Singapore
15%
Kiribati
14%
Kosovo
14%
Liechtenstein
14%
Tonga
14%
Antigua and Barbuda
13%
Barbados
13%
Micronesia
13%
Solomon Islands
13%
Vatican City
13%
Andorra
12%
Palau
12%
Trinidad and Tobago
12%
Vanuatu
12%
Dominica
11%
Samoa
11%
Nauru
10%
Grenada
8%
Monaco
8%
Saint Kitts and Nevis
8%
Tuvalu
8%
Saint Lucia
7%
Saint Vincent and the Grenadines
7%
No matching quizzes found
Score Distribution
Percent of People with Each Score
Percentile by Number Answered
Your Score History
You have not taken this quiz